| 000 | 00363cam a2200145ua 4500 | ||
|---|---|---|---|
| 041 |
_aeng _h |
||
| 082 |
_a823.308 _bDIC/OU |
||
| 100 | _aDickens, Charles. | ||
| 245 |
_aOur mutual friend / _cCharles Dickens. _hTextual Documents |
||
| 260 |
_aLondon : _bJ M Dent and Sons Ltd , _c1957. |
||
| 300 | _a780 ; . | ||
| 504 | _a | ||
| 942 | _cBK | ||
| 999 |
_c11395 _d11395 |
||